Logo BPK

Biblioteka

Politechniki Koszalińskiej

Tajlandia / (Rekord nr 51664)

Szczegóły MARC
000 -ETYKIETA REKORDU
podpole kontrolne o stałej długości 01015nam a2200301 i 4500
001 - NUMER KONTROLNY REKORDU
pole kontrolne bg
015 ## - NUMER BIBLIOGRAFII NARODOWEJ
Numer bibliografii narodowej PB 20917/2005
020 ## - MIĘDZYNARODOWY ZNORMALIZOWANY NUMER KSIĄŻKI - ISBN
ISBN 8360174083
040 ## - ŹRÓDŁO KATALOGOWANIA
Instytucja, która utworzyła rekord BPK
041 1# - KOD JĘZYKA
Kod języka tekstu pol
Kod języka oryginału eng
080 ## - UNIWERSALNA KLASYFIKACJA DZIESIĘTNA - UKD
UKD 913(593)(036)
920 ## - Międzynarodowy znormalizowany numer książki – ISBN
ISBN 83-60174-08-3
008 - POLE O STAŁEJ DŁUGOŚCI - DANE KONTROLNE
podpole kontrolne o stałej długości s pl f |000 0 pol
245 00 - TYTUŁ/ODPOWIEDZIALNOŚĆ
Tytuł Tajlandia /
Pozostałe elementy strefy tytułu i oznaczenia odpowiedzialności [project ed. Scott Rutherford ; przygot. ed. pol. Bogdan Rudnicki ; tł. Patrycja Zarawska].
246 ## - WARIANT TYTUŁU
Treść wyrażenia wprowadzającego Tyt. oryg.:
Tytuł Thailand
260 ## - STREFA ADRESU WYDAWNICZEGO
Miejsce wydania Warszawa :
Nazwa wydawcy/dystrybutora Mediaprofit,
Data publikacji, dystrybucji/powstania dokumentu 2005.
300 ## - STREFA OPISU FIZYCZNEGO
Objętość 391, [1] s. :
Inne cechy fizyczne il. kolor., faks., fot., mapy, pl., portr. ;
Rozmiary 23 cm.
490 1# - STREFA SERII I DOKUMENTU WIELOCZĘŚCIOWEGO - FORMA NIE DO WYSZUKIWANIA
Tytuł i oznaczenie odpowiedzialności serii Biblioteka Gazety Wyborczej. Podróże Marzeń ;
Numeracja w obrębie serii 9
500 ## - UWAGI OGÓLNE
Tekst uwagi Tyt. oryg.: "Thailand" 2005. Mapa i plan na wyklejkach.
504 ## - UWAGA DOTYCZĄCA BIBLIOGRAFII
Informacje o bibliografii Indeks.
651 #9 - HASŁO PRZEDMIOTOWE W FORMIE NAZWY GEOGRAFICZNEJ
Nazwa geograficzna Tajlandia
655 ## - TERMIN INDEKSOWY - OKREŚLENIE RODZAJU/FORMY DOKUMENTU
Określenie rodzaju/formy dokumentu Przewodniki turystyczne
700 1# - HASŁO DODATKOWE - NAZWA OSOBOWA
Nazwa osobowa RUTHERFORD, Scott.
Określenie związku między hasłem a opisywanym materiałem Red.
700 1# - HASŁO DODATKOWE - NAZWA OSOBOWA
Nazwa osobowa RUDNICKI, Bogdan.
Określenie związku między hasłem a opisywanym materiałem Oprac.
700 1# - HASŁO DODATKOWE - NAZWA OSOBOWA
Nazwa osobowa ZARAWSKA, Patrycja.
Określenie związku między hasłem a opisywanym materiałem Tł.
830 #0 - HASŁO DODATKOWE SERII LUB DOKUMENTU WIELOCZĘŚCIOWEGO - TYTUŁ UJEDNOLICONY
Tytuł ujednolicony Biblioteka Gazety Wyborczej.
Nazwa części/sekcji dzieła Podróże Marzeń
856 ## - LOKALIZACJA I DOSTĘP DO ELEKTRONICZNYCH DOKUMENTÓW ZDALNYCH
Link (URL) http://koha.tu.koszalin.pl/cgi-bin/koha/opac-detail.pl?biblionumber=51664
Tekst linku Katalog online BPK
942 ## - DODATKOWE ELEMENTY (KOHA)
Typ dokumentu Książka
Egzemplarze
Wycofany Status egzemplarza Uszkodzony Dostępność Lokalizacja stała Lokalizacja bieżąca Miejsce przechowywania Sygnatura Kod kreskowy Dział Typ dokumentu
      Tylko na miejscu Biblioteka Politechniki Koszalińskiej Biblioteka Politechniki Koszalińskiej Czytelnia BG 78866 02318400 0/9(03) Encyklopedie. Leksykony Książka
© 2023 Biblioteka Politechniki Koszalińskiej :: KOHA